000 00696cam a22002651 4500
001 sa 68008718
003 DLC
005 20260227112535.0
008 890727s1968 ii b 000 0 hino
010 _asa 68008718
035 _a(OCoLC)20080269
040 _aDLC
_cWaU
_dDLC
042 _apremarc
043 _aa-ii---
050 0 0 _aJQ220.L3
_bD56
100 1 _aDinkar, Ramdhari Sinha,
_d1908-1974.
245 1 0 _aRashṭrabhāshā āndolana aura Gāndhījī.
260 _c[1968]
300 _a144 p.
_c18 cm.
500 _aIn Hindi.
504 _aBibliographical footnotes.
600 1 0 _aGandhi,
_cMahatma,
_d1869-1948.
651 0 _aIndia
_xLanguages.
650 0 _aHindi language.
999 _c82523
_d82523